| 000 | 00488nam a2200169Ia 4500 | ||
|---|---|---|---|
| 005 | 20250415113331.0 | ||
| 008 | 231217s9999 xx 000 0 und d | ||
| 020 | _a9788178817163 | ||
| 082 | _a658.153 JAY;1 R | ||
| 100 | _aJayasimha, K R. Mrudula, E. | ||
| 245 | 0 | _aCorporate philanthropy : global experiences | |
| 260 |
_c2005 _bICFAI Press _aHyderabad |
||
| 300 | _a206 | ||
| 500 | _aContent page available | ||
| 650 | _aCorporate,philanthropy,global,experiences | ||
| 942 | _cAA | ||
| 999 |
_c181384 _d181384 |
||